000 01471nam0a22003011 4500
001 rc\3198033
005 20260407143004.0
021 _aRU
_b77-ОЭ-32/17
021 _aRU
_bРг6037-77
035 _a(NLR Aleph) 007343998
090 _a6138985
_c6138985
100 _a20120628d1976 |||y0rusy50 ca
101 0 _arus
102 _aRU
105 _ay c |||||
200 1 _aМетодические указания и алгоритм расчета лимитных цен на новые изделия горноспасательной техники, шахтное противопожарное оборудование и средства защиты горнорабочих от газа, тепла и пыли
_fМ-во угольной пром-сти СССР. Всесоюз. упр. военизир. горноспасат. частей. ВНИИ горноспасат. дела
210 _aДонецк
_cБ. и.
_d1976
215 _a68 с.
_d21
300 _aНа обороте тит. л.: разраб. к. э. н. А.З. Найманов и инж. А.С. Авершин
320 _aБиблиогр.: с. 67-68
702 1 _aАвершин
_bА.С.
_4570
702 1 _aНайманов
_bА.З.
_4570
712 0 2 _aВНИИ горноспасательного дела
_cДонецк
_3RU\NLR\AUTH\8810014296
_9526512
801 0 _aRU
_bNLR
_gpsbo
801 1 _aRU
_bELAR
_2rusmarc
852 _aNLR
_j77-4/12168
942 _cBOOK
980 _aNB